000 00794nam a2200229 a 4500
008 100119s2001 ||||||||||||||||| || u
020 _a0750650400
050 _aTK 7881.4 Bri
100 _aBrice, Richard
245 1 0 _aMusic engineering. -- 2nd ed.
250 _a2nd ed.
260 _aOxford
_bNewnes
_c2001
300 _axviii, 481p.: ill. + CD-ROM
350 _a0.00
500 _aAccompanied with a CD-ROM. (See Cybrary staff)
650 _aELECTRONIC MUSIC
650 _aSOUND -- RECORDING AND REPRODUCING
650 _aMUSIC
650 _aELECTRO--ACOUSTICS
650 _aMUSIC--ACOUSTICS AND PHYSICS
995 _D0.00
_FCBU-MAIN LIBRARY (Kitwe)
_H1
_I0.00
_M1
_UAVAILABLE
_WMar 5, 2010
_ZMain Library Open Access Collection
999 _c51834
_d51834